[Event "Dresden op"]
[Site "Dresden"]
[Date "1996.??.??"]
[Round "6"]
[White "Lau, Ralf"]
[Black "Bach, Matthias"]
[Result "1-0"]
[WhiteElo "2510"]
[BlackElo "2340"]
[PlyCount "101"]
[EventDate "1996.07.??"]
[Source "ChessBase"]

1. e4 c5 2. Nf3 Nf6 3. e5 Nd5 4. Nc3 e6 5. Nxd5 exd5 6. d4 Nc6 7. dxc5 Bxc5 8. Qxd5 Qb6 9. Bc4 Bxf2+ 10. Ke2 O-O 11. Rf1 Bc5 12. Ng5 Nd4+ 13. Kd1 Ne6 14. Ne4 d6 15. exd6 Rd8 16. Bd3 Bxd6 17. Qh5 f5 18. Nxd6 Qxd6 19. Qxf5 Qxh2 20. Qf7+ Kh8 21. Bg5 Rg8 22. Be3 Nd8 23. Qf4 Qxf4 24. Rxf4 Be6 25. Kd2 Nf7 26. Bd4 Rgf8 27. Re1 Ng5 28. Rxf8+ Rxf8 29. Bxa7 h6 30. Re5 Bd7 31. Be3 Nf7 32. Re7 Bc6 33. g3 Nd6 34. Bc5 Rd8 35. Ke3 Kg8 36. c4 Nf7 37. b4 Ra8 38. b5 Bg2 39. a4 Ng5 40. Bg6 Bf1 41. Kd4 Bh3 42. Kc3 Bg2 43. Kb4 Nh7 44. Bf7+ Kh8 45. Bd4 Rd8 46. Bc3 Nf6 47. Bxf6 gxf6 48. Re8+ Rxe8 49. Bxe8 Kg7 50. c5 Kf8 51. Bc6 1-0

[Event "Deutschland"]
[Site "?"]
[Date "2003.03.30"]
[Round "9.3"]
[White "Senff Martin"]
[Black "Berov Arkady"]
[Result "1-0"]
[WhiteElo "2456"]
[BlackElo "2393"]
[PlyCount "117"]
[EventDate "2003.??.??"]
[Source "www.chesslib.no"]
[SourceDate "2004.05.04"]

1. e4 c5 2. Nf3 Nf6 3. e5 Nd5 4. Nc3 e6 5. Nxd5 exd5 6. d4 Nc6 7. dxc5 Bxc5 8. Bd3 d6 9. exd6 O-O 10. O-O Qxd6 11. c3 a5 12. Bc2 Ne7 13. Nd4 Bd7 14. Be3 Rac8 15. Qd2 b5 16. a3 b4 17. cxb4 axb4 18. a4 Bxd4 19. Bxd4 Nc6 20. Bb3 Be6 21. Rfe1 h6 22. Rad1 Na5 23. Re3 Nxb3 24. Rxb3 Rc4 25. Rg3 f6 26. Be3 Kf7 27. Qd3 Rg4 28. Rxg4 Bxg4 29. Qxd5+ Qxd5 30. Rxd5 Ra8 31. a5 Be6 32. Rb5 b3 33. f4 Bc4 34. Rc5 Bd3 35. Rc3 Bc2 36. Bb6 Ke6 37. Kf2 Kf5 38. g3 g5 39. Rc4 h5 40. h3 Kg6 41. Ra4 Bd3 42. Rd4 Bf5 43. fxg5 Rc8 44. Rd6 Bxh3 45. Bd4 Kxg5 46. a6 Rc2+ 47. Ke3 Bg2 48. Rxf6 Rc6 49. Rf2 Bd5 50. a7 Kg4 51. Rf4+ Kg5 52. Rf8 Ra6 53. Rd8 Bg2 54. Kf2 Be4 55. Rb8 Ra1 56. Rxb3 Kg4 57. Rb8 Ra4 58. Be3 Ra2 59. Rb4 1-0

[Event "HUN-chT9899"]
[Site "HUN"]
[Date "1998.??.??"]
[Round "?"]
[White "Nguyen Anh Dung"]
[Black "Zsinka, Laszlo"]
[Result "1/2-1/2"]
[WhiteElo "2495"]
[BlackElo "2340"]
[PlyCount "29"]
[EventDate "1998.??.??"]
[Source "www.chesslib.no"]
[SourceDate "2004.05.04"]

1. e4 c5 2. Nf3 Nf6 3. e5 Nd5 4. Nc3 e6 5. Nxd5 exd5 6. d4 Nc6 7. Be2 d6 8. O-O dxe5 9. Nxe5 Nxd4 10. Bh5 g6 11. c3 Ne6 12. Bf3 Bg7 13. Re1 d4 14. Qa4+ Kf8 15. Bd2 1/2-1/2

[Event "Corr"]
[Site "?"]
[Date "1992.??.??"]
[Round "?"]
[White "Korman Ulf"]
[Black "Baumbach Friedrich"]
[Result "1-0"]
[WhiteElo "2305"]
[BlackElo "2530"]
[PlyCount "102"]
[EventDate "1992.??.??"]
[Source "www.chesslib.no"]
[SourceDate "2004.05.04"]

1. e4 c5 2. Nf3 Nf6 3. e5 Nd5 4. Nc3 e6 5. Nxd5 exd5 6. d4 Nc6 7. dxc5 Bxc5 8. Qxd5 Qb6 9. Bc4 Bxf2+ 10. Ke2 O-O 11. Rf1 Bc5 12. Ng5 Nd4+ 13. Kd1 Ne6 14. Ne4 d6 15. exd6 Rd8 16. Qh5 Bxd6 17. Bd3 f5 18. Rxf5 Qg1+ 19. Rf1 Qxh2 20. Qf7+ Kh8 21. Nxd6 Qxd6 22. Qh5 g6 23. Qh4 Ng7 24. Bg5 Re8 25. Bf6 Kg8 26. Kd2 Bf5 27. Rae1 Bxd3 28. cxd3 Qd5 29. g4 Rac8 30. Bc3 Red8 31. Qf6 Qxd3+ 32. Kc1 Rd7 33. a3 h6 34. Rd1 Qb5 35. Qxg6 Rc6 36. Qc2 Rcd6 37. Kb1 Qc4 38. Rde1 b5 39. g5 hxg5 40. Qh2 Qh4 41. Qg2 Rd5 42. Rh1 Qa4 43. Re4 b4 44. Rxb4 Qa6 45. Qh2 Rd1+ 46. Rxd1 Rxd1+ 47. Ka2 Rd8 48. b3 Re8 49. Qc7 Qe2+ 50. Bb2 Qe7 51. Qc4+ Ne6 1-0

[Event "ELO-Open "]
[Site "Forchheim"]
[Date "2003.10.04"]
[Round "3"]
[White "Teske, Henrik"]
[Black "Bartsch, Berthold"]
[Result "1/2-1/2"]
[WhiteElo "2518"]
[BlackElo "2311"]
[PlyCount "135"]
[EventDate "2003.10.03"]
[Source "Roberto Alvarez"]
[SourceDate "2003.10.06"]

1. e4 c5 2. Nf3 Nf6 3. e5 Nd5 4. Nc3 e6 5. Nxd5 exd5 6. d4 Nc6 7. dxc5 Bxc5 8. Qxd5 Qb6 9. Bc4 Bxf2+ 10. Ke2 O-O 11. Rf1 Bc5 12. Ng5 Nd4+ 13. Kd1 Ne6 14. Ne4 d6 15. exd6 Bd7 16. Nxc5 Nxc5 17. Be3 Be6 18. Qxc5 Qxc5 19. Bxc5 Bxc4 20. Rf4 Bb5 21. Kd2 Rfc8 22. Ba3 Re8 23. c4 Bc6 24. Raf1 f6 25. g4 Re5 26. h4 h6 27. Re1 Rae8 28. Rxe5 fxe5 29. Rf2 Bd7 30. g5 hxg5 31. hxg5 Rf8 32. Re2 Rf5 33. Bc5 Rxg5 34. Bxa7 Kf7 35. Be3 Rg4 36. Kc3 Ke6 37. Ba7 g5 38. b3 Rh4 39. Kb4 g4 40. Bf2 Rh5 41. Kc5 Bc6 42. b4 Bf3 43. Re1 g3 44. Bd4 e4+ 45. Kb6 Kxd6 46. b5 Rh2 47. c5+ Kd5 48. Be3 Re2 49. Rxe2 Bxe2 50. a4 Kc4 51. a5 Kd3 52. Bg1 e3 53. c6 bxc6 54. bxc6 Bg4 55. Bxe3 Kxe3 56. a6 g2 57. a7 g1=Q 58. a8=Q Ke4+ 59. Kc7 Qg3+ 60. Kb6 Qb3+ 61. Kc7 Be6 62. Qa5 Qg3+ 63. Kb7 Qd6 64. Qe1+ Kf5 65. Qc3 Bd5 66. Qd3+ Kf6 67. Qd4+ Kf7 68. Qf2+ 1/2-1/2

[Event "CSR-ch"]
[Site "Marianske Lazne"]
[Date "1978.??.??"]
[Round "5"]
[White "Prandstetter, Eduard"]
[Black "Lechtynsky, Jiri"]
[Result "1-0"]
[WhiteElo "2405"]
[BlackElo "2420"]
[PlyCount "133"]
[EventDate "1978.??.??"]
[Source "ChessBase"]

1. e4 c5 2. Nf3 Nf6 3. e5 Nd5 4. Nc3 e6 5. Nxd5 exd5 6. d4 Nc6 7. dxc5 Bxc5 8. Qxd5 Qb6 9. Bc4 Bxf2+ 10. Ke2 O-O 11. Rf1 Bc5 12. Ng5 Nd4+ 13. Kd1 Ne6 14. Ne4 d6 15. exd6 Rd8 16. Qh5 Bxd6 17. Bd3 f5 18. Rxf5 Qg1+ 19. Rf1 Qxh2 20. Qf7+ Kh8 21. Nxd6 Qxd6 22. Qh5 g6 23. Qh6 Nc5 24. Rf7 Bg4+ 25. Kd2 Nb3+ 26. axb3 Qb4+ 27. c3 Rxd3+ 28. Kc2 Rxc3+ 29. bxc3 Bd1+ 30. Kd2 Qd6+ 31. Ke1 Qe6+ 32. Be3 Qxf7 33. Rxd1 Kg8 34. Qg5 Qxb3 35. Rd8+ Rxd8 36. Qxd8+ Kf7 37. Qd7+ Kf6 38. Bd4+ Kg5 39. Qe7+ Kg4 40. Qe4+ Kg5 41. g3 Qf7 42. Be3+ Kf6 43. Qf4+ Ke6 44. Qc4+ Kf6 45. Qxf7+ Kxf7 46. Bxa7 Ke6 47. Ke2 h5 48. Kf3 Kf5 49. Bb6 Ke5 50. g4 Kd5 51. gxh5 gxh5 52. Kf4 Kc4 53. Ba5 b6 54. Bb4 Kd5 55. Kg5 Ke5 56. Kxh5 Kf5 57. Kh6 Kf6 58. Kh7 Kf7 59. Kh8 Ke6 60. Kg7 Kd5 61. Kf6 Kc4 62. Ke5 Kb5 63. Kd6 Ka6 64. Kc6 Ka7 65. Kb5 Kb7 66. Bd6 Ka8 67. Ka6 1-0

[Event "Tolush Memorial"]
[Site "Leningrad RUS"]
[Date "1978.??.??"]
[Round "?"]
[White "Zhelnin, Vladimir V"]
[Black "Varlamov, Viacheslav"]
[Result "1-0"]
[WhiteElo "2355"]
[BlackElo "2460"]
[PlyCount "87"]
[EventDate "1978.??.??"]
[Source "www.chesslib.no"]
[SourceDate "2004.05.04"]

1. e4 c5 2. Nf3 Nf6 3. e5 Nd5 4. Nc3 e6 5. Nxd5 exd5 6. d4 Nc6 7. dxc5 Bxc5 8. Qxd5 Qb6 9. Bc4 Bxf2+ 10. Ke2 O-O 11. Rf1 Bc5 12. c3 d6 13. Ng5 Nxe5 14. Qe4 g6 15. Nxf7 Bg4+ 16. Ke1 Nxc4 17. Nh6+ Kh8 18. Rxf8+ Rxf8 19. Nxg4 d5 20. Qe2 Qc6 21. Kd1 Re8 22. Qf3 h5 23. Nh6 Qe6 24. a3 Qe1+ 25. Kc2 Qe2+ 26. Kb3 Na5+ 27. Ka2 Qc4+ 28. Kb1 Qe4+ 29. Qxe4 dxe4 30. Kc2 e3 31. b4 e2 32. Bd2 Be3 33. Nf7+ Kg8 34. Nd6 Bxd2 35. Nxe8 Nc4 36. Kd3 Kf7 37. Nd6+ Ke6 38. Nxb7 e1=Q 39. Rxe1+ Bxe1 40. Kxc4 h4 41. Nc5+ Kf5 42. Kd3 Kg4 43. Ne6 Bf2 44. Ke2 1-0

[Event "ISR Ch"]
[Site "Tel Aviv ISR"]
[Date "1994.??.??"]
[Round "4"]
[White "Liss, Eran"]
[Black "Zak, Uriel"]
[Result "1-0"]
[WhiteElo "2460"]
[BlackElo "2350"]
[PlyCount "65"]
[EventDate "1994.10.??"]
[Source "www.chesslib.no"]
[SourceDate "2004.05.04"]

1. e4 c5 2. Nf3 Nf6 3. e5 Nd5 4. Nc3 e6 5. Nxd5 exd5 6. d4 Nc6 7. dxc5 Bxc5 8. Qxd5 Qb6 9. Bc4 Bxf2+ 10. Ke2 O-O 11. Rf1 Bc5 12. Ng5 Nd4+ 13. Kd1 Ne6 14. Ne4 d6 15. exd6 Rd8 16. Bd3 Bxd6 17. Nxd6 Qxd6 18. Qf5 Qxh2 19. Qxf7+ Kh8 20. Bg5 Rg8 21. Be3 Qxg2 22. Qh5 g6 23. Bd4+ Ng7 24. Bxg7+ Kxg7 25. Qe5+ Kh6 26. Qf4+ Kg7 27. Qf6+ Kh6 28. Qh4+ Kg7 29. Qd4+ Kh6 30. Rf4 Rf8 31. Be2 Be6 32. Rh4+ Kg5 33. Rh5+ 1-0

[Event "Pancevo"]
[Site "Pancevo"]
[Date "1985.??.??"]
[Round "1"]
[White "Rodriguez Cespedes, Amador"]
[Black "Jovanovic, Milos"]
[Result "1-0"]
[WhiteElo "2505"]
[BlackElo "2300"]
[PlyCount "65"]
[EventDate "1985.??.??"]
[Source "www.chesslib.no"]
[SourceDate "2004.05.04"]

1. e4 c5 2. Nf3 Nf6 3. e5 Nd5 4. Nc3 e6 5. Nxd5 exd5 6. d4 Nc6 7. dxc5 Bxc5 8. Qxd5 Qb6 9. Bc4 Bxf2+ 10. Ke2 O-O 11. Rf1 Bc5 12. Ng5 Nd4+ 13. Kd1 Ne6 14. Ne4 d6 15. exd6 Rd8 16. Bd3 Bxd6 17. Qh5 f5 18. Nxd6 Qxd6 19. Qxf5 Qxh2 20. Qf7+ Kh8 21. Bg5 Rg8 22. Be3 Qe5 23. Rh1 Ng5 24. Qh5 Rd8 25. Bxg5 Rxd3+ 26. cxd3 Bf5 27. Bd2 Qxb2 28. Rc1 Bxd3 29. Qd5 Bg6 30. Qd7 Re8 31. Re1 Rxe1+ 32. Bxe1 h6 33. Bc3 1-0

[Event "Andorra zt"]
[Site "Andorra"]
[Date "1987.??.??"]
[Round "?"]
[White "Antunes, Antonio"]
[Black "Fernandes, Antonio"]
[Result "1/2-1/2"]
[WhiteElo "2405"]
[BlackElo "2400"]
[PlyCount "37"]
[EventDate "1987.03.??"]
[Source "ChessBase"]

1. e4 c5 2. Nf3 Nf6 3. e5 Nd5 4. Nc3 e6 5. Nxd5 exd5 6. d4 Nc6 7. c3 Qb6 8. Be2 cxd4 9. Nxd4 Nxd4 10. Qxd4 Qxd4 11. cxd4 d6 12. O-O Be6 13. Bf4 dxe5 14. Bxe5 f6 15. Bg3 Be7 16. Rfe1 Kf7 17. Bf3 Rhd8 18. Re3 Rac8 19. Rae1 1/2-1/2

[Event "22nd LIE-Open"]
[Site "Triesen"]
[Date "2004.05.22"]
[Round "9"]
[White "Van der Weide, Karel"]
[Black "Afek, Yochanan"]
[Result "1-0"]
[WhiteElo "2460"]
[BlackElo "2338"]
[PlyCount "67"]
[EventDate "2004.05.14"]
[Source "Roberto Alvarez"]
[SourceDate "2004.05.31"]

1. e4 c5 2. Nf3 Nf6 3. e5 Nd5 4. Nc3 e6 5. Nxd5 exd5 6. d4 Nc6 7. dxc5 Bxc5 8. Qxd5 d6 9. exd6 Qb6 10. Qe4+ Be6 11. Qh4 Bf5 12. Be2 Bxc2 13. d7+ Kxd7 14. Qg4+ Ke8 15. O-O Kf8 16. Be3 Bxe3 17. fxe3 Qxe3+ 18. Rf2 h5 19. Qc4 Bf5 20. Re1 Be6 21. Qh4 Ne5 22. Nxe5 Qxe5 23. Qb4+ Kg8 24. Bc4 a5 25. Qd2 Qc5 26. Bxe6 fxe6 27. Rc1 Qb6 28. Qf4 Rh6 29. Rc7 Rg6 30. Qf7+ Kh7 31. Rxb7 Qc5 32. Rc7 Qd4 33. Qf3 Rf6 34. Qxf6 1-0

[Event "Open A"]
[Site "Zadar CRO"]
[Date "2007.12.22"]
[Round "9"]
[White "Zufic, M."]
[Black "Majeric, Z."]
[Result "1/2-1/2"]
[WhiteElo "2452"]
[BlackElo "2345"]
[PlyCount "66"]
[EventDate "2007.12.16"]
[Source "www.chesslib.no"]
[SourceDate "2004.05.04"]

1. e4 c5 2. Nf3 Nf6 3. e5 Nd5 4. Nc3 e6 5. Nxd5 exd5 6. d4 Nc6 7. dxc5 Bxc5 8. Qxd5 d6 9. exd6 Qb6 10. Qe4+ Be6 11. Qh4 Bxd6 12. Bd3 Nb4 13. O-O Nxd3 14. cxd3 O-O 15. b3 Bf5 16. Rd1 Rac8 17. Bb2 f6 18. Rac1 Rfe8 19. Rc4 Be6 20. Rxc8 Rxc8 21. Nd4 Bd7 22. Qe4 Rc5 23. Nf3 Rc2 24. Qd5+ Kf8 25. Bd4 Qc6 26. Qxc6 Bxc6 27. Ra1 Bxf3 28. gxf3 a6 29. Be3 Ba3 30. Kf1 Bb2 31. Rd1 Ba3 32. Rd2 Rxd2 33. Bxd2 Kf7 1/2-1/2

[Event "Kamen Piskov Memorial 2nd"]
[Site "Ruse"]
[Date "1978.??.??"]
[Round "6"]
[White "Gunev, Zlatan"]
[Black "Spiridonov, Nikola"]
[Result "0-1"]
[WhiteElo "2380"]
[BlackElo "2405"]
[PlyCount "80"]
[EventDate "1978.06.??"]
[Source "www.chesslib.no"]
[SourceDate "2004.05.04"]

1. e4 Nf6 2. e5 Nd5 3. Nc3 e6 4. Nf3 c5 5. Nxd5 exd5 6. d4 Nc6 7. dxc5 Bxc5 8. Qxd5 Qb6 9. Bc4 Bxf2+ 10. Kf1 O-O 11. c3 Bc5 12. b4 Be7 13. Ke2 d6 14. Be3 Qc7 15. exd6 Bxd6 16. Qe4 Ne5 17. Nxe5 Bxe5 18. Rhf1 Be6 19. Bxe6 fxe6 20. Bc5 Rfe8 21. Rf3 b6 22. Bf2 Bxc3 23. Bg3 Qc8 24. Rc1 Qa6+ 25. Kf2 Qxa2+ 26. Rc2 Bd4+ 27. Ke2 Qb1 28. Rf7 Rac8 29. Rfc7 Rxc7 30. Bxc7 Bc3 31. Kd3 Bxb4 32. Qc6 Qd1+ 33. Ke3 Qg1+ 34. Kd3 Qf1+ 35. Ke3 Qf7 36. Bd6 Bxd6 37. Qxd6 Qe7 38. Qe5 Qf6 39. Qg3 Rd8 40. Rc4 b5 0-1

[Event "Copenhagen Open"]
[Site "Copenhagen DEN"]
[Date "1986.??.??"]
[Round "8"]
[White "Fette, Martin"]
[Black "Murey, Jacob I"]
[Result "1/2-1/2"]
[WhiteElo "2320"]
[BlackElo "2460"]
[PlyCount "81"]
[EventDate "1986.06.??"]
[Source "www.chesslib.no"]
[SourceDate "2004.05.04"]

1. e4 c5 2. Nf3 Nf6 3. Nc3 e6 4. e5 Nd5 5. Nxd5 exd5 6. d4 Nc6 7. c3 cxd4 8. cxd4 d6 9. Be2 Qa5+ 10. Bd2 Qb6 11. Bc3 dxe5 12. Nxe5 Bd6 13. Nxc6 bxc6 14. O-O O-O 15. Qd2 Re8 16. Rfe1 Bf5 17. Ba5 Qb7 18. Bf1 Be4 19. Rac1 Re6 20. f3 Bf5 21. Rxe6 fxe6 22. b3 Rc8 23. Qe2 Ba3 24. Rc3 Bb4 25. Bxb4 Qxb4 26. Qe3 h5 27. h3 h4 28. Rc5 Qa3 29. Bd3 Rf8 30. Bxf5 exf5 31. Rxc6 Qxa2 32. Qe6+ Kh7 33. Qxd5 Qb1+ 34. Kh2 Qe1 35. Qe5 Qxe5+ 36. dxe5 Rb8 37. Rc4 g5 38. Rc7+ Kg6 39. Rxa7 f4 40. Ra6+ Kf5 41. Ra3 1/2-1/2

[Event "POL-chT"]
[Site "Zakopane"]
[Date "2000.09.04"]
[Round "3"]
[White "Socko, Bartosz"]
[Black "Krogulski, Grzegorz"]
[Result "1-0"]
[WhiteElo "2528"]
[BlackElo "2252"]
[PlyCount "51"]
[EventDate "2000.09.02"]
[Source "www.chesslib.no"]
[SourceDate "2004.05.04"]

1. e4 c5 2. Nf3 Nf6 3. e5 Nd5 4. Nc3 e6 5. Nxd5 exd5 6. d4 Nc6 7. dxc5 Bxc5 8. Bd3 d6 9. exd6 O-O 10. O-O Qxd6 11. c3 Re8 12. Qa4 d4 13. Ng5 h6 14. Bh7+ Kf8 15. Ne4 Rxe4 16. Bxe4 Bd7 17. Qc2 Re8 18. Bd2 Bb6 19. Rae1 Rd8 20. Bc1 Bg4 21. Bxc6 d3 22. Qa4 Be2 23. Bxb7 Bxf1 24. Bf4 Qd7 25. Qxd7 Rxd7 26. Bc6 1-0

[Event "IDS op-29 A"]
[Site "Dortmund"]
[Date "2001.07.16"]
[Round "5"]
[White "Prasad, Devaki V"]
[Black "Bach, Matthias"]
[Result "1-0"]
[WhiteElo "2440"]
[BlackElo "2335"]
[PlyCount "67"]
[EventDate "2001.07.12"]
[Source "www.chesslib.no"]
[SourceDate "2004.05.04"]

1. e4 c5 2. Nf3 Nf6 3. e5 Nd5 4. Nc3 e6 5. Nxd5 exd5 6. d4 Nc6 7. dxc5 Bxc5 8. Bd3 d6 9. exd6 Qxd6 10. Qe2+ Be6 11. Be3 O-O-O 12. Bxc5 Qxc5 13. O-O Bg4 14. Qe3 Qxe3 15. fxe3 f6 16. Nd4 Nxd4 17. exd4 Bh5 18. Bf5+ Kc7 19. Rae1 Rde8 20. Rxe8 Bxe8 21. Re1 g6 22. Bg4 f5 23. Bf3 Kd6 24. Kf2 Bf7 25. Kg3 g5 26. Re5 Be6 27. Be2 h6 28. Bd3 Rf8 29. Kf3 Rf7 30. b3 Bd7 31. c3 f4 32. Rxd5+ Kc7 33. Re5 Bc6+ 34. Be4 1-0

[Event "ZAZ Cup"]
[Site "Zaporozhye"]
[Date "2004.09.23"]
[Round "5"]
[White "Maximov, Dmitry"]
[Black "Onoprienko, Vladimir"]
[Result "1/2-1/2"]
[WhiteElo "2400"]
[BlackElo "2374"]
[PlyCount "65"]
[EventDate "2004.09.19"]
[Source "Roberto Alvarez"]
[SourceDate "2004.10.18"]

1. e4 c5 2. Nf3 Nf6 3. e5 Nd5 4. Nc3 e6 5. Nxd5 exd5 6. d4 Nc6 7. dxc5 Bxc5 8. Qxd5 d6 9. exd6 Qb6 10. Qe4+ Be6 11. d7+ Kxd7 12. Bd3 Bxf2+ 13. Kf1 Rae8 14. b4 Kc8 15. a4 Bd4 16. Nxd4 Qxd4 17. Qxd4 Nxd4 18. Be3 Rd8 19. Kf2 Nc6 20. b5 Ne5 21. Bxa7 Nxd3+ 22. cxd3 Rxd3 23. Rhc1+ Kd7 24. Be3 Rc8 25. Rxc8 Kxc8 26. a5 Rb3 27. a6 bxa6 28. bxa6 Rb2+ 29. Kg1 Bd5 30. Bf2 Ra2 31. Rc1+ Kd7 32. a7 f5 33. h4 1/2-1/2

[Event "Spring Open"]
[Site "Budapest HUN"]
[Date "1991.??.??"]
[Round "5"]
[White "Marusenko, Petr"]
[Black "Mnatsakanian, Eduard A"]
[Result "1-0"]
[WhiteElo "2335"]
[BlackElo "2425"]
[PlyCount "43"]
[EventDate "1991.03.??"]
[Source "www.chesslib.no"]
[SourceDate "2004.05.04"]

1. e4 c5 2. Nf3 Nf6 3. e5 Nd5 4. Nc3 e6 5. Nxd5 exd5 6. d4 Nc6 7. Bd3 d6 8. O-O dxe5 9. Nxe5 c4 10. Re1 Nxe5 11. Rxe5+ Be7 12. Bg5 f6 13. Bxf6 gxf6 14. Qh5+ Kf8 15. Rxd5 Qc7 16. Qh6+ Kg8 17. Rc5 Qxc5 18. dxc5 cxd3 19. Re1 Kf7 20. Rxe7+ Kxe7 21. Qg7+ Ke6 22. Qxh8 1-0

[Event "Oberliga Mittelrhein 9394"]
[Site "Mittelrhein"]
[Date "1993.??.??"]
[Round "?"]
[White "Rytshagov, Mikhail"]
[Black "Geerlings, Gerd"]
[Result "1-0"]
[WhiteElo "2435"]
[BlackElo "2320"]
[PlyCount "57"]
[EventDate "1993.10.??"]
[Source "www.chesslib.no"]
[SourceDate "2004.05.04"]

1. e4 c5 2. Nf3 Nf6 3. e5 Nd5 4. Nc3 e6 5. Nxd5 exd5 6. d4 Nc6 7. dxc5 Bxc5 8. Qxd5 Qb6 9. Bc4 Bxf2+ 10. Ke2 O-O 11. Rf1 Bc5 12. Ng5 Nd4+ 13. Kd1 Ne6 14. Ne4 d6 15. exd6 Rd8 16. Bd3 Bxd6 17. Nxd6 Qxd6 18. Qf5 Nf8 19. Qxf7+ Kh8 20. Qf4 Qe7 21. Qg5 Qe8 22. Bd2 Be6 23. Bc3 Qd7 24. Ke2 Rac8 25. Kf2 b6 26. Kg1 Kg8 27. Rae1 h6 28. Qe5 Bxa2 29. Bf5 1-0

[Event "Pancevo"]
[Site "Pancevo"]
[Date "1985.??.??"]
[Round "12"]
[White "Morovic Fernandez, Ivan E"]
[Black "Jovanovic, Milos"]
[Result "1-0"]
[WhiteElo "2450"]
[BlackElo "2300"]
[PlyCount "67"]
[EventDate "1985.??.??"]
[Source "www.chesslib.no"]
[SourceDate "2004.05.04"]

1. e4 c5 2. Nf3 Nf6 3. e5 Nd5 4. Nc3 e6 5. Nxd5 exd5 6. d4 Nc6 7. c3 d6 8. Bb5 Be7 9. exd6 Qxd6 10. O-O O-O 11. dxc5 Qxc5 12. Qa4 Bf5 13. Be3 Qd6 14. Rad1 Qg6 15. Nh4 Bxh4 16. Qxh4 a6 17. Be2 Rad8 18. Qg3 Rfe8 19. Rd2 Ne5 20. Rfd1 Qxg3 21. hxg3 Be6 22. c4 d4 23. Rxd4 Rxd4 24. Rxd4 Rc8 25. b3 h5 26. Bxh5 b5 27. c5 a5 28. Be2 a4 29. bxa4 bxa4 30. Rxa4 Rb8 31. f3 Rb2 32. Kf1 Bxa2 33. Bd4 Rb1+ 34. Kf2 1-0

[Event "WYCC 2008 U18 boys"]
[Site "Vung Tau City VIE"]
[Date "2008.10.21"]
[Round "2.8"]
[White "Tomczak, Jacek"]
[Black "Carlstedt, Jonathan"]
[Result "1/2-1/2"]
[WhiteElo "2461"]
[BlackElo "2286"]
[PlyCount "120"]
[EventDate "2008.10.20"]
[Source "www.chesslib.no"]
[SourceDate "2004.05.04"]

1. e4 c5 2. Nf3 Nf6 3. e5 Nd5 4. Nc3 e6 5. Nxd5 exd5 6. d4 Nc6 7. dxc5 Bxc5 8. Qxd5 Qb6 9. Bc4 Bxf2+ 10. Ke2 O-O 11. Rf1 Bc5 12. Ng5 Nxe5 13. Nxf7 Nxf7 14. Rxf7 Qe6+ 15. Qxe6 dxe6 16. Rxf8+ Kxf8 17. Bg5 Bd7 18. Rf1+ Ke8 19. Bd3 Be7 20. Bd2 g6 21. Rf3 e5 22. Re3 Bg4+ 23. Ke1 Bf6 24. Bc3 Kf7 25. Bxe5 Re8 26. Bc4+ Be6 27. Bb5 Bd7 28. Bc4+ Be6 29. Bxf6 Bxc4 30. Be5 Bd5 31. g3 a6 32. Kd2 Ke6 33. Bf4+ Kd7 34. Rd3 Ke6 35. Re3+ Kd7 36. Rd3 Ke6 37. b3 Bc6 38. g4 Rf8 39. Ke3 Re8 40. Rd6+ Kf7+ 41. Kd3 Re7 42. g5 Rd7 43. Rxd7+ Bxd7 44. Kd4 Bf5 45. c4 Ke6 46. Kc5 Kd7 47. b4 Be4 48. Kd4 Bf3 49. Ke5 Be2 50. Kd4 Bf3 51. Kc5 Be4 52. a4 Bc2 53. Kb6 Kc8 54. Ka5 Bd3 55. c5 Be4 56. Kb6 Bf3 57. Bg3 Bg2 58. h4 Bf3 59. b5 axb5 60. axb5 Bg2 1/2-1/2

[Event "10. Governors Cup"]
[Site "?"]
[Date "2005.10.29"]
[Round "2"]
[White "Kudrin Sergey"]
[Black "Gossell Thomas"]
[Result "1-0"]
[WhiteElo "2551"]
[BlackElo "2196"]
[PlyCount "63"]
[EventDate "2005.??.??"]
[Source "www.chesslib.no"]
[SourceDate "2004.05.04"]

1. e4 c5 2. Nf3 Nf6 3. e5 Nd5 4. Nc3 e6 5. Nxd5 exd5 6. d4 Nc6 7. dxc5 Bxc5 8. Qxd5 d6 9. exd6 Qb6 10. Qe4+ Be6 11. Qh4 f6 12. Bd3 O-O-O 13. O-O h5 14. Qe4 Rhe8 15. Be3 Bg4 16. Bxc5 Qxc5 17. Qc4 Qxc4 18. Bxc4 Bxf3 19. gxf3 Rxd6 20. Rfd1 Red8 21. Rxd6 Rxd6 22. Bd3 Ne5 23. Be4 g5 24. Kf1 b6 25. Ke2 Kd7 26. h4 Ke7 27. Rh1 g4 28. fxg4 hxg4 29. h5 Ke6 30. h6 Rd8 31. h7 Rh8 32. Ke3 1-0

[Event "Mar del Plata Open"]
[Site "Mar del Plata ARG"]
[Date "1994.??.??"]
[Round "9"]
[White "Vasta, Eduardo"]
[Black "Piscicelli, Daniel"]
[Result "1-0"]
[WhiteElo "2400"]
[BlackElo "2340"]
[PlyCount "113"]
[EventDate "1994.04.??"]
[Source "www.chesslib.no"]
[SourceDate "2004.05.04"]

1. e4 c5 2. Nf3 Nf6 3. e5 Nd5 4. Nc3 e6 5. Nxd5 exd5 6. d4 Nc6 7. dxc5 Bxc5 8. Qxd5 Qb6 9. Bc4 Bxf2+ 10. Ke2 O-O 11. Rf1 Bc5 12. Ng5 Nd4+ 13. Kd1 Ne6 14. Ne4 d6 15. exd6 Rd8 16. c3 Bxd6 17. Kc2 Bf8 18. Qh5 Qc7 19. Bxe6 Bxe6 20. Ng5 h6 21. Nxe6 fxe6 22. Qg4 Qd7 23. Qe4 Rac8 24. Bf4 Qd5 25. Rfe1 Rc4 26. Qxd5 Rxd5 27. Bb8 Rg4 28. g3 Rh5 29. Re2 a6 30. Ba7 Kf7 31. Rd1 Rd5 32. Rxd5 exd5 33. Rf2+ Ke8 34. Rf5 Rg5 35. Rxg5 hxg5 36. Kd3 Kd7 37. Kd4 Ke6 38. Bc5 Bd6 39. Bxd6 Kxd6 40. a4 b6 41. g4 Ke6 42. a5 bxa5 43. Kc5 Ke5 44. Kb6 d4 45. cxd4+ Kxd4 46. Kxa5 Kc4 47. Kxa6 Kb3 48. Kb5 Kxb2 49. Kc4 Kc2 50. Kd4 Kd2 51. Ke4 Ke2 52. Kf5 Kf3 53. Kxg5 Kg2 54. h4 Kh3 55. h5 Kg3 56. Kf5 Kh4 57. Kf4 1-0

[Event "IND-ch"]
[Site "IND"]
[Date "1994.??.??"]
[Round "7"]
[White "Thipsay, Praveen Mahadeo"]
[Black "Dave, Kantilal"]
[Result "1-0"]
[WhiteElo "2475"]
[BlackElo "2265"]
[PlyCount "75"]
[EventDate "1994.??.??"]
[Source "ChessBase"]

1. e4 c5 2. Nf3 Nf6 3. e5 Nd5 4. Nc3 e6 5. Nxd5 exd5 6. d4 Nc6 7. c3 cxd4 8. Nxd4 Qe7 9. Be2 Qxe5 10. O-O Nxd4 11. cxd4 Qf6 12. Bd3 Be7 13. Re1 O-O 14. Qh5 g6 15. Qxd5 d6 16. Qb3 d5 17. Qxd5 Rd8 18. Qe4 Bf8 19. Be3 Qd6 20. Bc4 Qb4 21. b3 Bg7 22. a3 Qd6 23. Bg5 Bf6 24. Bxf6 Qxf6 25. Rad1 Rb8 26. Qe7 Qxe7 27. Rxe7 Rf8 28. h3 Bf5 29. g4 b5 30. gxf5 bxc4 31. bxc4 gxf5 32. c5 Rb3 33. Re3 Rb7 34. d5 Rd8 35. d6 Rbd7 36. c6 Rxd6 37. Rxd6 Rxd6 38. c7 1-0

[Event "Kiev (Ukraine)"]
[Site "?"]
[Date "1967.??.??"]
[Round "9"]
[White "Zhidkov Valery S"]
[Black "Kurass Iskir"]
[Result "1/2-1/2"]
[WhiteElo "2394"]
[BlackElo "2340"]
[PlyCount "54"]
[EventDate "1967.??.??"]
[Source "www.chesslib.no"]
[SourceDate "2004.05.04"]

1. e4 c5 2. Nf3 Nf6 3. e5 Nd5 4. Nc3 e6 5. Nxd5 exd5 6. d4 Nc6 7. dxc5 Bxc5 8. Qxd5 Qb6 9. Bc4 Bxf2+ 10. Ke2 O-O 11. Rf1 Bc5 12. Ng5 Nd4+ 13. Kd1 Ne6 14. c3 d6 15. b4 Bxb4 16. Rb1 Nxg5 17. Bxg5 Be6 18. Qd3 d5 19. Rxb4 dxc4 20. Qg3 Qc5 21. Bf6 g6 22. Qg5 Rfd8+ 23. Bxd8 Qd5+ 24. Qd2 Rxd8 25. Qxd5 Bxd5 26. Kc1 Bxg2 27. Rd1 Rc8 1/2-1/2

[Event "Sicilian Rubinstein tt (A)"]
[Site "?"]
[Date "2000.??.??"]
[Round "?"]
[White "Quimby Chris"]
[Black "Elburg John"]
[Result "1-0"]
[WhiteElo "2400"]
[BlackElo "2330"]
[PlyCount "67"]
[EventDate "2000.??.??"]
[Source "www.chesslib.no"]
[SourceDate "2004.05.04"]

1. e4 c5 2. Nf3 Nf6 3. e5 Nd5 4. Nc3 e6 5. Nxd5 exd5 6. d4 Nc6 7. c3 d6 8. Bb5 Be7 9. exd6 Qxd6 10. O-O O-O 11. dxc5 Qxc5 12. Qa4 a6 13. Bd3 Bd7 14. Qc2 f5 15. Bf4 Qb6 16. Rfe1 Rae8 17. Rad1 Bc8 18. b4 Kh8 19. a4 a5 20. b5 Nd8 21. Re5 Bc5 22. Rxd5 Be6 23. Re5 Nf7 24. Re2 Bc8 25. Nd4 Bxd4 26. cxd4 Qxd4 27. Bc7 Rxe2 28. Bxe2 Qb4 29. Rb1 Qh4 30. Bxa5 f4 31. Qc5 Kg8 32. Bc4 f3 33. Bb4 Rd8 34. Qc7 1-0